| 000 | 00878nam a22002177a 4500 | ||
|---|---|---|---|
| 999 |
_c15915 _d15915 |
||
| 003 | AR-CdUCM | ||
| 008 | 190430b ||||| |||| 00| 0 spa d | ||
| 040 |
_aMUNICIPALIDAD PROVINCIAL DEL CUSCO _cBIBLIOTECA MUNICIPAL DEL CUSCO |
||
| 082 |
_22 ed. _a334 / _bA59 |
||
| 100 |
_aAngueira Miranda, Miguel Angel _935152 |
||
| 245 |
_aExplorando el futuro : _bel movimiento, el método cooperativo y sus posibilidades / |
||
| 260 |
_aBuenos Aires : _bIntercoop, _c1958. |
||
| 300 |
_a60 paginas ; _c19 cm. |
||
| 440 |
_aCuadernos de cultura cooperativa ; _935153 |
||
| 505 | _aContenido :Prologo a la segunda edición -- fuente al caos del capitalismo y el estado --Economía y ética, hermanas gemelas --Por primera vez en la historia ... | ||
| 650 |
_aEconomia _9382 |
||
| 650 |
_aCapitalismo _93221 |
||
| 650 |
_aEstado _9738 |
||
| 942 |
_2ddc _cLIBROS |
||
| 945 |
_arjall _d2019-04-30 |
||